000 02443nam a22002297a 4500
003 DO-CoUTE
005 20230323091358.0
008 230323b dr ||||| |||| 00| 0 spa d
020 _a978-607-707-615-5
040 _aDO-CoUTE
_bspa
_cDO-CoUTE
082 _222
_a658.5 G216d 2013
100 1 _aGarcía Márquez, Fausto Pedro
_eautor
245 1 0 _aDirección y gestión de la producción :
_bUna aproximación mediante la simulación /
_cFausto Pedro García Márquez
250 _aprimera edición
260 _aMéxico, DF. :
_bAlfaomega Grupo Editor,
_c2013
300 _a340 páginas :
_bFiguras, tablas ;
_c23x17cm
504 _aIncluye índice de tablas y referencias bibliográficas
520 _aEl libro se ha elaborado en base a los objetivos docentes marcados en el plan Bolonia. En el texto se abordan los aspectos más importantes relacionados con la Dirección y Gestión de la Producción, abarcando con profundidad y detalle, a diferencia de otros textos en esta temática, diversos problemas de gran complejidad. Todo ello se consigue con ‘Una aproximación mediante la simulación’. Inicialmente se describe lo que ha pasado en el sistema productivo en España a lo largo de la historia, haciendo especial hincapié en lo acontecido en estos últimos años. Esto es clave para ayudar al lector a entender de donde se viene y de qué manera. Además describe la situación actual, y con ello se pretende mostrar cuál es la tendencia en la evolución del sistema productivo español a lo largo de los próximos años. Seguidamente se describe con detalle lo relativo al producto y a la producción, que conforman la base del contenido del texto. Es a partir de este capítulo cuando se empieza a describir y a estudiar los temas más destacados en relación a la Gestión y la Dirección de la Producción, como son la logística, la calidad, el mantenimiento, la programación, etc. Cabe destacar que, a diferencia de las clásicas y consagradas referencias bibliográficas sobre este paradigma, aquí se emplean, además de los métodos tradicionales para resolver los problemas, herramientas informáticas que están al alcance de cualquier lector, y que permiten abordar la resolución de problemas de gran complejidad de forma bastante sencilla, empleando siempre claros tutoriales.
650 7 _2LEMB
_aAdministración de la producción
650 7 _2LEMB
_aAdministración industrial
942 _2ddc
_cBK
999 _c22469
_d22469